| 000 | 00984nam a22002777a 4500 | ||
|---|---|---|---|
| 005 | 20240530110456.0 | ||
| 008 | 150608s2011 ua abdof b 000 0 ara d | ||
| 017 |
_a2010/14217 _bمصر . دار الكتب المصرية |
||
| 020 | _a9789774114741 | ||
| 040 | _aEG-CaGPL | ||
| 082 | 0 | 4 |
_221 _a633.2\ _bج ت |
| 100 | 0 | _aجمال محمد الشبينى | |
| 245 | 1 | 0 |
_aتقنيات زراعة و انتاج الاعلاف الخضراء / _cجمال محمد الشبينى |
| 250 | _aط1 | ||
| 260 |
_aالقاهرة : _bالمكتبة المصرية للنشر و التوزيع ، _c2011 . |
||
| 300 |
_a400 ص : _bايض ؛ _c24 سم . |
||
| 504 | _aيشتمل على ارجاعات ببليوجرافية | ||
| 650 | 0 | 4 | _aالعلف |
| 650 | 0 | 4 | _aالعلف الاخضر |
| 650 | 0 | 4 | _aالبرسيم |
| 650 | 0 | 4 | _aنباتات العلف |
| 650 | 0 | 4 | _aالاعشاب |
| 650 | 0 | 4 | _aالشعير |
| 942 |
_2ddc _cBK |
||
| 999 |
_c61371 _d61371 |
||